000 00555nam a2200217 a 4500
999 _c531
_d531
005 20200506130113.0
008 200506b ||||| |||| 00| 0 spa d
020 _a0-8213-3576-6
040 _aCO-BoIAVH
_cCO-BoIAVH
041 _aeng
082 _a338.9
090 _aLB
_b00512
110 _bWorld Bank
_96725
245 _aWorld bank atlas 1997
260 _aWashington
_bWorld Bank
_c1997
300 _a52 páginas
650 0 _aInvestigación social
_933370
650 0 _aMedio ambiente
_9102815
650 0 _aEconomía
_9102816
942 _cLIBRO
_2z